000 00640nam a2200193Ia 4500
003 GCL
008 140319s9999 xx 000 0 ara d
040 _aGCL /
_cGCL
082 0 4 _a841
_bم و
100 1 _aمصطفى عبدالغنى
245 1 0 _aالوداع آخر أشعار أرجوان /
_cمصطفى عبدالغنى
260 _a[S.N] :
_bالهيئة المصرية العامة للكتاب ،
_c1986
300 _a138 ص
490 _aالابداع العالمى
_v0
650 0 4 _aالادب الفرنسى
650 0 4 _aالشعر الفرنسى
650 0 4 _aالشعر العربى المترجم
942 _2ddc
_cBK
999 _c30455
_d30455